Medzinárodná štandardizácia indikátorov pre hodnotenie udržateľnej produkcie a zeleného rastu
Meranie pokroku k zelenému rastu – východiská a stratégia. Špecifikácia indikátorov zeleného rastu pre budúcu štandardizáciu. Rámec pre formulovanie environmentálnych indikátorov udržateľnej produkcie, spotreby a zeleného rastu. Indikátory zeleného rastu navrhované pre štandardizáciu hodnotenia a za...
Saved in:
| Main Author: | |
|---|---|
| Other Authors: | , , |
| Format: | Book Chapter |
| Language: | Slovak |
| Subjects: | |
| Tags: |
No Tags, Be the first to tag this record!
|
MARC
| LEADER | 00000naa a2200000 4500 | ||
|---|---|---|---|
| 001 | 0149881 | ||
| 005 | 20240502072709.1 | ||
| 041 | 0 | |a slo | |
| 044 | |a SK | ||
| 245 | 1 | 0 | |a Medzinárodná štandardizácia indikátorov pre hodnotenie udržateľnej produkcie a zeleného rastu |c Milan Majerník, Jana Panková Juríková, Alena Bašistová, Lýdia Stankovič |
| 520 | |a Meranie pokroku k zelenému rastu – východiská a stratégia. Špecifikácia indikátorov zeleného rastu pre budúcu štandardizáciu. Rámec pre formulovanie environmentálnych indikátorov udržateľnej produkcie, spotreby a zeleného rastu. Indikátory zeleného rastu navrhované pre štandardizáciu hodnotenia a zaradenie do OECD zoznamu. Indikátory pre hodnotenie environmentálneho zdravia a jeho rizík. Závery pre národné politiky udržateľnej spotreby a produkcie pre Slovensko | ||
| 610 | 2 | 0 | |a rozvoj trvalo udržateľný |
| 610 | 2 | 0 | |a produkcia |
| 610 | 2 | 0 | |a kvalita života |
| 610 | 2 | 0 | |a Slovensko |
| 610 | 2 | 0 | |a politika environmentálna |
| 610 | 2 | 0 | |a prostredie životné |
| 100 | 1 | |a Majerník, Milan, 1952- | |
| 700 | 1 | |a Panková Juríková, Jana | |
| 700 | 1 | |a Bašistová, Alena | |
| 700 | 1 | |a Stankovič, Lýdia | |